Labirynt světa a ráj srdce, to jest Světlé vymalování, kterak v tom světě, a věcech jeho všechněch, nic není než matení a motání, kolotání a lopotování ...

Bibliographic Details
Main Author: Komenský, Jan Amos, 1592-1670 (Author)
Format: Book
Language:Czech
PhysicalDescription:180 stĺp. 24 cm
Published: [Praha] Ludv. Bradáč 1919
Series:Grolierova knihovna
Subjects:

MARC

LEADER 00000nam a2200000 a 4500
001 vtls001212476
003 SK-MaSNL
005 20260301100204.0
008 251113s1919 xr ra 0 cze
020 |c b.c. 
035 |a SNK000155551 
040 |a SNK  |b slo  |c SNK  |e AACR2 
044 |a xr  |c CZ 
080 |a 885.0-3  |2 1981 
100 1 |a Komenský, Jan Amos,  |d 1592-1670  |4 aut  |9 10137 
245 1 0 |a Labirynt světa a ráj srdce, to jest Světlé vymalování, kterak v tom světě, a věcech jeho všechněch, nic není než matení a motání, kolotání a lopotování ...  |c [Jan Amos Komenský] 
260 |a [Praha]  |b Ludv. Bradáč  |c 1919  |e V Praze  |f Politiky 
300 |a 180 stĺp.  |c 24 cm 
490 1 |a Grolierova knihovna  |v sv. 2 
500 |a Dielo vytlačené podľa amsterdamského vydania 
650 0 7 |a próza česká  |x faksimile  |2 SNK  |9 432631 
830 0 |a Grolierova knihovna  |9 432632 
999 |c 685488  |d 687418 
952 |t P60, <04>, [BOOK], {604}  |a SNK  |b SNK  |y VYP  |7 0  |p 17A0253340  |o snkIC 128890  |i snkD 713/2000  |0 0  |1 0  |4 0  |d 2000-10-04  |l 0  |r 2005-01-01 00:00:00  |w 2026-02-23